000 00687nab a2200265 a 4500
001 57161
003 128358
005 20201118103304.0
008 ||||||n9999 ||| || ||
041 _aspa
245 0 _aSeguridad social una reforma que requiere reforma
260 _aBogotá :
_bLegis,
_c1998.
300 _app.52-57
562 _e0
650 _aANALISIS DE COYUNTURA
650 _aCOLOMBIA
650 _aFINANCIAMIENTO
650 _aFONDOS DE PENSIONES Y CESANTIAS
650 _aREFORMAS SOCIALES
650 _aROLES
650 _aSEGURIDAD SOCIAL
650 _aSERVICIOS DE SALUD
773 _056173
_aClase Empresarial - No.63 (1998)
942 _cSART
999 _c57161
_d57161